01886 2200313 4500001002100000005001500021035002000036007000300056008004100059020002200100082001000122084001900132100002300151245011500174250002900289300005100318650000900369650002300378650002000401700002700421700003100448504002900479520093800508264003601446336002101482337003001503338002301533990001601556INLIS00000000116548620250507025404 a0010-0525000017ta250507 g 0 ind  a978-634-211-108-6 a649.1 aSR 649.1 IVA p0 aIvan Sabaepenulis1 aParenting versi dad :bdad says, letsexplore the world /cIvan Saba, Ari Wulandari; penyunting, Arie Prabawati aEdisi I, Cetakan I: 2025 avi, 150 halaman :bilustrasi berwarna ;c23 cm 4aAyah 4aOrang tua dan anak 4aPendidikan anak0 aAri Wulandariepenulis0 aArie Prabawatiepenyunting abibliografi: halaman 137 aParenting Versi Dad adalah buku yang memberikan panduan lengkap bagi para ayah tentang bagaimana menjalankan peran sebagai orang tua dengan penuh cinta, kesabaran, dan tanggung jawab. Buku ini fokus pada perspektif seorang ayah dalam mendidik dan merawat anak, mengupas tantangan yang sering dihadapi oleh ayah dalam keluarga modern, serta memberikan solusi yang praktis dan relevan. Dengan gaya bahasa yang mudah dipahami, buku ini mengajak para ayah untuk lebih terlibat dalam pengasuhan anak, memahami pentingnya peran mereka dalam mendukung perkembangan emosional dan psikologis anak, serta bagaimana menciptakan hubungan yang sehat antara ayah dan anak. Dengan gaya bahasa yang mudah dipahami, buku ini mengajak para ayah untuk lebih terlibat dalam pengasuhan anak, memahami pentingnya peran mereka dalam mendukung perkembangan emosional dan psikologis anak, serta bagaimana menciptakan hubungan yang sehat antara ayah dan anak. aYogyakarta :bRumah Baca,c2025 2rdacontentateks 2rdamediaatanpa perantara 2rdacarrieravolume a55724.68544